| 000 | 00647nam a2200193Ii 4500 | ||
|---|---|---|---|
| 003 | JO-AjNU | ||
| 008 | 230605s9999||||xx |||||||||||||| ||und|| | ||
| 040 |
_aJO-AjNU _bara _erda _cJO-AjNU |
||
| 041 | _aara | ||
| 050 | 1 | 4 | _aHF5823.M3636 1979 |
| 100 | 3 |
_aفهمي، منصور, _eauthor _934980 |
|
| 245 | 0 | 0 | _aادارة الاعلان |
| 264 | 3 | 1 | _aالقاهرة: دار النهضة العربية للنشر،1979 |
| 300 |
_a271ص _bيحتوي على ببلوغرافية من ص257-271ص |
||
| 336 |
_atext _btxt _2rdacontent |
||
| 337 |
_aunmediated _bn _2rdamedia |
||
| 338 |
_avolume _bnc _2rdacarrier |
||
| 650 | 4 |
_aالاعلان _934981 |
|
| 999 |
_aA14396 _c17964 _d17964 |
||